000 00340nam a2200133Ia 4500
008 240109s9999 xx 000 0 und d
041 _aeng
082 _a332.1
100 _aRavichandran K.
245 _aMerchant Banking and Financial Services
260 _bHimalaya Pub House , Mumbai Delhi
300 _a325
650 _aManagement
999 _c1040366
_d1040366